000 00522nam a2200181 i 4500
001 bg
100 1 _aSZUMSKI, Zygmunt
245 0 _aMateriały pomocnicze do ćwiczeń z geodezji i miernictwa budowlanego /
_cZygmunt Szumski, Eugeniusz Rolnik.
260 _aŁódź :
_bPolitechnika Łódzka,
_c1984.
650 9 _aGeodezja
655 _aPodręczniki akademickie
700 1 _aROLNIK, Eugeniusz
040 _cBPK
041 _apol
080 _a528(075.8)
942 _cKS
008 s pl f |000 0 pol
999 _c2955
_d2955
856 _uhttp://koha.tu.koszalin.pl/cgi-bin/koha/opac-detail.pl?biblionumber=2955
_yKatalog online BPK